000 00281nam a2200121Ia 4500
008 190216s9999||||xx |||||||||||||| ||und||
100 _aKumaranasan N
245 0 _aChandalabhikshuki
260 _bPoorna Pubs Kozhikode
_c1992
300 _a71p
650 _aKavithkal
942 _cBK
999 _c24310
_d24310